[Event "Norway Chess Open GM 2024"]
[Site "Stavanger NOR"]
[Date "2024.05.26"]
[Round "4.24"]
[White "Elsness, Fredrik Valstad"]
[Black "Saveljevs, Aleksandrs"]
[Result "0-1"]
[WhiteElo "1861"]
[BlackElo "1987"]
[WhiteFideId "1567829"]
[BlackFideId "11601779"]
[EventDate "2024.05.24"]

1. e4 c5 2. Nf3 Nc6 3. d4 cxd4 4. Nxd4 g6 5. c4 Nf6 6. Nc3 d6 7. Be2 Nxd4 8.
Qxd4 Bg7 9. O-O O-O 10. Qd3 Be6 11. Be3 Nd7 12. b3 Nc5 13. Qc2 a5 14. Rad1 Qb6
15. Rfe1 Rfc8 16. Bf1 Bf6 17. f3 Qb4 18. Nb5 a4 19. Rb1 axb3 20. axb3 Na6 21.
Qf2 Nc7 22. Nd4 Ra5 23. Nc2 Qc3 24. Bd2 Qe5 25. Bxa5 Qxa5 26. b4 Qa2 27. c5 Na6
28. Bxa6 bxa6 29. Rbc1 Bc3 30. Re3 Qb2 31. Rd1 dxc5 32. bxc5 Rxc5 33. Re2 Rc8
34. Nd4 Bxd4 35. Rxb2 Bxf2+ 36. Kxf2 a5 37. Ra1 Ra8 38. Rb7 a4 39. Ra3 Kf8 40.
h4 Bc8 41. Rb4 Bd7 42. Ke3 h5 43. Kf4 Ra5 44. Rb8+ Kg7 45. Rb4 Kf8 46. Rb8+ Kg7
47. Rb7 e5+ 48. Ke3 Be6 49. Kd3 Ra8 50. g3 Bb3 51. Ra1 Rd8+ 52. Ke3 Rc8 53. Ra7
Rc3+ 54. Kf2 Rc2+ 55. Kg1 Rc3 56. Rf1 Rc2 57. Rf2 Rc1+ 58. Kg2 Ra1 59. Rb2 Re1
60. Kf2 Rh1 61. Ke3 Rg1 62. Kf2 Rh1 63. Rd2 Ra1 64. Ra5 Be6 65. Rxe5 a3 66. Ra5
a2 67. Kg2 Kh7 68. f4 Re1 69. f5 Bxf5 70. Raxa2 Rxe4 71. Re2 Rb4 72. Ra7 Be4+
73. Kf2 Bd5 74. Re5 Bb3 75. Re3 Kg8 76. Ke2 Bc4+ 77. Kd2 Be6 78. Kc3 Rc4+ 79.
Kb2 Rb4+ 80. Ka3 Rb1 81. Ka4 Ra1+ 82. Ra3 Rb1 83. Rc7 Kg7 84. Re3 Kf6 85. Rc5
Rb2 86. Ka5 Rb1 87. Rb5 Rc1 88. Kb6 Rc2 89. Rc5 Rd2 90. Rf3+ Ke7 91. Rc7+ Kd6
92. Rc6+ Kd7 93. Rcc3 Ke7 94. Rc5 Kd6 95. Rg5 Rb2+ 96. Ka5 Rb1 97. Ka4 Rb2 98.
Rd3+ Ke7 99. Rb5 Rc2 100. Rb7+ Kf6 101. Rf3+ Ke5 102. Rb5+ Ke4 103. Rf4+ Ke3
104. Re5+ Kd3 105. Kb4 Rc1 106. Kb5 Rg1 107. Rf3+ Kd4 108. Ree3 Rc1 109. Rd3+
Ke4 110. Rfe3+ Kf5 111. Rd4 Kf6 112. Rf4+ Ke7 113. g4 hxg4 114. Rxg4 Kf6 115.
Rf4+ Ke7 116. Kb4 Rg1 117. Re5 Rc1 118. Ra5 Kd6 119. Rd4+ Ke7 120. Rf4 Kd6 121.
Ra7 Ke5 122. Rf2 Rc4+ 123. Kb5 Rxh4 124. Ra1 g5 125. Rg1 g4 126. Re1+ Kd4 127.
Kb4 Kd3 128. Ree2 g3+ 0-1

[Event "Norway Chess Open GM 2024"]
[Site "Stavanger NOR"]
[Date "2024.05.26"]
[Round "4.25"]
[White "McCartney, Steven"]
[Black "Cornileau, Juliette"]
[Result "0-1"]
[BlackTitle "WFM"]
[WhiteElo "1802"]
[BlackElo "1986"]
[WhiteFideId "2642212"]
[BlackFideId "36083372"]
[EventDate "2024.05.24"]

1. d4 d5 2. Nf3 Nf6 3. e3 c6 4. Bd3 Bg4 5. Nbd2 Nbd7 6. b3 e5 7. dxe5 Nxe5 8.
Be2 Nxf3+ 9. Bxf3 Bf5 10. Bb2 Bd6 11. O-O O-O 12. c4 Qe7 13. cxd5 cxd5 14. Be2
Rac8 15. Nf3 Be4 16. Rc1 Rxc1 17. Qxc1 Ng4 18. h3 Bxf3 19. Bxf3 Nh2 20. Bxd5
Nxf1 21. Kxf1 Rd8 22. Bc4 Be5 23. Ke2 Bxb2 24. Qxb2 Qg5 25. Qc2 b5 26. Bd3 g6
27. Qc6 b4 28. Bc4 Qe5 29. Qb7 Qb2+ 30. Kf3 Qf6+ 31. Ke2 a5 32. Qc7 Ra8 33. Bd5
Qa6+ 34. Bc4 Qf6 35. Bd5 Re8 36. Qxa5 Qd6 37. Qb5 Rd8 38. e4 Rc8 39. Qd3 Qf6 40.
Bc4 Qb2+ 41. Qd2 Qxd2+ 42. Kxd2 Ra8 43. Ke3 Rxa2 44. g3 Kf8 45. h4 Ke7 46. h5
gxh5 47. Bd5 f6 48. f4 Rg2 49. Kf3 Rc2 50. e5 Rc3+ 51. Kf2 fxe5 52. fxe5 Rc5 53.
Bg8 h6 54. Kf3 Rxe5 55. Kf4 Rg5 56. Bh7 Kd6 57. Bd3 Kc5 58. Be2 Kd4 59. Bc4 Kc3
60. Be6 Kb2 61. Bf7 Rc5 62. Bc4 Ka3 63. Bf7 Rg5 64. Be6 Rg6 65. Bd5 Rg4+ 66. Kf3
Rd4 67. Bf7 h4 68. g4 Rd3+ 69. Kf4 h3 0-1

[Event "Norway Chess Open GM 2024"]
[Site "Stavanger NOR"]
[Date "2024.05.26"]
[Round "4.26"]
[White "Vasilijevic, Vili"]
[Black "Skytte, Robert"]
[Result "1-0"]
[WhiteElo "1980"]
[BlackElo "1918"]
[WhiteFideId "14547104"]
[BlackFideId "1471775"]
[EventDate "2024.05.24"]

1. d4 d5 2. c4 e6 3. Nc3 c5 4. cxd5 cxd4 5. Qxd4 Nc6 6. Qd1 exd5 7. Qxd5 Be6 8.
Qxd8+ Rxd8 9. Bg5 Be7 10. Bxe7 Ngxe7 11. Nf3 O-O 12. e4 Nb4 13. Rc1 Rc8 14. a3
Na2 15. Nxa2 Bxa2 16. Rc3 Ng6 17. Kd2 Rxc3 18. bxc3 Bb1 19. Ke3 Re8 20. Nd2 Bc2
21. f3 Ne5 22. Bb5 Rd8 23. Rc1 Bd3 24. Bxd3 Rxd3+ 25. Ke2 Rd6 26. c4 b6 27. c5
Rc6 28. Nb3 Nd7 29. cxb6 Rxc1 30. Nxc1 Nxb6 31. Kd3 Kf8 32. Kd4 Ke8 33. Nd3 f6
34. Nc5 Ke7 35. f4 h6 36. h4 h5 37. f5 Kf7 38. Nd3 g5 39. hxg5 fxg5 40. e5 g4
41. g3 Nc8 42. Nf4 Ne7 43. e6+ Kf6 44. Nd5+ Nxd5 45. Kxd5 h4 46. Kd6 hxg3 47. e7
g2 48. e8=Q g1=Q 49. Qg6# 1-0

[Event "Norway Chess Open GM 2024"]
[Site "Stavanger NOR"]
[Date "2024.05.26"]
[Round "4.27"]
[White "Mesar, Antun"]
[Black "Cornileau, Raphael"]
[Result "1-0"]
[WhiteElo "1890"]
[BlackElo "1784"]
[WhiteFideId "14532620"]
[BlackFideId "45105790"]
[EventDate "2024.05.24"]

1. e4 e5 2. Nc3 Nc6 3. g3 Nf6 4. Bg2 Bc5 5. Nge2 d6 6. Na4 Bb6 7. Nxb6 axb6 8.
O-O d5 9. exd5 Nxd5 10. d4 exd4 11. Nxd4 O-O 12. Nxc6 bxc6 13. c4 Ne7 14. Bf4
Qxd1 15. Rfxd1 Be6 16. Bxc7 Bxc4 17. Bxb6 Bd5 18. Bc5 Rfe8 19. Bxe7 Bxg2 20.
Kxg2 Rxe7 21. Rd2 f6 22. Rc2 Ra6 23. a3 Rb7 24. Rd1 Rb3 25. Rd6 Kf7 26. Rdxc6
Rxc6 27. Rxc6 Rxb2 28. Rc7+ Kg6 29. h4 Rb3 30. Ra7 h5 31. Ra4 Kf5 32. Ra7 Kg6
33. a4 Ra3 34. a5 Kh6 35. a6 Kg6 36. Ra8 Kf5 37. f3 Ra2+ 38. Kf1 Kg6 39. Ra7 f5
40. Ra8 Kf7 41. Kg1 Kg6 42. a7 Kf7 43. Kf1 g6 44. Rh8 1-0

[Event "Norway Chess Open GM 2024"]
[Site "Stavanger NOR"]
[Date "2024.05.26"]
[Round "4.28"]
[White "Oz, Sinan"]
[Black "Lien, Sebastian"]
[Result "0-1"]
[WhiteElo "1794"]
[BlackElo "1861"]
[WhiteFideId "1471090"]
[BlackFideId "1567888"]
[EventDate "2024.05.24"]

1. d4 d5 2. Nc3 Nf6 3. Bf4 c5 4. e3 cxd4 5. exd4 a6 6. Nf3 Bg4 7. h3 Bxf3 8.
Qxf3 e6 9. g4 Nc6 10. O-O-O Bd6 11. Ne2 Ne4 12. h4 h6 13. Be3 Rc8 14. Kb1 Qa5
15. Nc1 Qb6 16. Nb3 a5 17. Bd3 a4 18. Bxe4 dxe4 19. Qxe4 axb3 20. d5 Qb4 21. c4
bxa2+ 22. Ka1 Be5 23. Bc1 exd5 24. Rxd5 O-O 25. Rxe5 Nxe5 26. Qxe5 Qxc4 27. g5
Rfe8 28. Qg3 Qe4 29. gxh6 Qb1# 0-1

[Event "Norway Chess Open GM 2024"]
[Site "Stavanger NOR"]
[Date "2024.05.26"]
[Round "4.29"]
[White "Louis, Luca Hojin"]
[Black "Mihaila, Radu Stefan"]
[Result "1/2-1/2"]
[WhiteElo "1758"]
[BlackElo "1835"]
[WhiteFideId "343405541"]
[BlackFideId "2852638"]
[EventDate "2024.05.24"]

1. d4 Nf6 2. c4 e6 3. Nc3 Bb4 4. Qc2 O-O 5. a3 Bxc3+ 6. Qxc3 d5 7. Bg5 Nbd7 8.
e3 b6 9. cxd5 exd5 10. Bb5 Bb7 11. Rc1 c6 12. Be2 Rc8 13. Nf3 Qe8 14. Nd2 Qe6
15. O-O c5 16. h3 Rfe8 17. Rfe1 Ne4 18. Nxe4 dxe4 19. Bc4 Qf5 20. Bf4 Nf6 21.
Be2 cxd4 22. Qxd4 Red8 23. Qa4 a5 24. Qb3 Rxc1 25. Rxc1 Nd5 26. Rd1 Qf6 27. Bc4
Qc6 28. a4 Kf8 29. Bxd5 Rxd5 30. Qxd5 Qxd5 31. Rxd5 Bxd5 32. Bc7 Bb3 33. Bxb6
Bxa4 34. Bxa5 Bb3 35. Kf1 Ke7 36. Ke2 Bc4+ 37. Ke1 h5 38. b4 Kd6 39. Bb6 Bb5 40.
Bc5+ Kd5 41. h4 f5 42. f4 Kc4 43. Kd2 Kb3 44. Ke1 g6 45. Kd2 Bf1 46. g3 Bb5 1/2-1/2

[Event "Norway Chess Open GM 2024"]
[Site "Stavanger NOR"]
[Date "2024.05.26"]
[Round "4.30"]
[White "Rynkjob, Bastian"]
[Black "Damiano, Sophie"]
[Result "0-1"]
[WhiteElo "1797"]
[BlackElo "1723"]
[WhiteFideId "1473557"]
[BlackFideId "1566334"]
[EventDate "2024.05.24"]

1. e4 c6 2. d4 d5 3. Nc3 dxe4 4. Nxe4 Bf5 5. Ng3 Bg6 6. h4 h6 7. h5 Bh7 8. Nf3
e6 9. Bd3 Bxd3 10. Qxd3 Nf6 11. Bd2 Be7 12. Ne5 Nbd7 13. f4 Qc7 14. O-O O-O 15.
Rf3 c5 16. c3 cxd4 17. cxd4 Rad8 18. Bc3 Nd5 19. Qd2 Nxe5 20. fxe5 Nxc3 21. Qxc3
Qb6 22. Rd1 Rd5 23. Ne4 Rxe5 24. Re3 Rd5 25. Rf3 Rfd8 26. Rdf1 Rxd4 27. Rxf7
Rd3+ 0-1

[Event "Norway Chess Open GM 2024"]
[Site "Stavanger NOR"]
[Date "2024.05.26"]
[Round "4.31"]
[White "Hetland, Even"]
[Black "Bekmukhanov, Sauran"]
[Result "0-1"]
[WhiteElo "1903"]
[BlackElo "1844"]
[WhiteFideId "1555995"]
[BlackFideId "1472844"]
[EventDate "2024.05.24"]

1. d4 Nf6 2. c4 e6 3. Nc3 d5 4. Nf3 c5 5. cxd5 exd5 6. e3 Bg4 7. Be2 Nc6 8. O-O
Be7 9. b3 O-O 10. Bb2 b6 11. Rc1 Rc8 12. dxc5 bxc5 13. Na4 Nb8 14. Ne5 Bxe2 15.
Qxe2 Qd6 16. Rfd1 Rfd8 17. Nd3 Nbd7 18. Ba3 Qa6 19. Qb2 Ne4 20. f3 Bf6 21. Qb1
Ng5 22. Ndxc5 Nxc5 23. Bxc5 Ne6 24. Bd4 Nxd4 25. exd4 Qe2 26. Rxc8 Rxc8 27. Qd3
Bxd4+ 28. Qxd4 Rc2 0-1

[Event "Norway Chess Open GM 2024"]
[Site "Stavanger NOR"]
[Date "2024.05.26"]
[Round "4.32"]
[White "Meyer, Stefan"]
[Black "Mesar, Darko"]
[Result "1-0"]
[WhiteElo "1866"]
[BlackElo "1894"]
[WhiteFideId "12948217"]
[BlackFideId "14531038"]
[EventDate "2024.05.24"]

1. d4 Nf6 2. c4 g6 3. Nc3 Bg7 4. e4 d6 5. h3 O-O 6. Bg5 Nbd7 7. Nf3 c5 8. d5 a6
9. Bd3 Rb8 10. a4 h6 11. Be3 Re8 12. Qd2 Kh7 13. Bf4 Nf8 14. O-O Nh5 15. Bh2 e6
16. g4 Nf6 17. e5 Nxg4 18. hxg4 exd5 19. Nxd5 Bxg4 20. Qf4 Bxf3 21. Qxf3 dxe5
22. Qxf7 Re6 23. Rae1 Qd7 24. Qxd7 Nxd7 25. f4 Rd8 26. f5 Ree8 27. Nc7 Re7 28.
fxg6+ Kg8 29. Nd5 Re6 30. Bf5 Rd6 31. Be4 Re6 32. Ne3 Rb6 33. Rd1 Bf6 34. Ng4
Bg5 35. Rf7 1-0

[Event "Norway Chess Open GM 2024"]
[Site "Stavanger NOR"]
[Date "2024.05.26"]
[Round "5.1"]
[White "Bazakutsa, Svyatoslav"]
[Black "Seo, Jung Min"]
[Result "1-0"]
[WhiteTitle "IM"]
[BlackTitle "IM"]
[WhiteElo "2472"]
[BlackElo "2451"]
[WhiteFideId "14198525"]
[BlackFideId "1734687"]
[EventDate "2024.05.24"]

1. c4 c5 2. Nf3 Nf6 3. d4 cxd4 4. Nxd4 e6 5. g3 d5 6. Bg2 e5 7. Nf3 d4 8. O-O
Nc6 9. e3 Be7 10. exd4 exd4 11. Bf4 O-O 12. Ne5 Qb6 13. Nd2 Nxe5 14. Bxe5 Ng4
15. Nf3 Nxe5 16. Nxe5 Qxb2 17. Rb1 Qxa2 18. Bxb7 Bxb7 19. Rxb7 Bf6 20. Nd7 Qa6
21. Qf3 Rfe8 22. Rd1 Rad8 23. c5 Rc8 24. Kg2 Qc6 25. Qxc6 Rxc6 26. Rxa7 h6 27.
Rb7 Be7 28. Rxd4 Bxc5 29. Rc4 Rec8 30. Rb8 1-0

[Event "Norway Chess Open GM 2024"]
[Site "Stavanger NOR"]
[Date "2024.05.26"]
[Round "5.2"]
[White "Urkedal, Frode Olav Olsen"]
[Black "Mitrabha, Guha"]
[Result "0-1"]
[WhiteTitle "GM"]
[BlackTitle "GM"]
[WhiteElo "2560"]
[BlackElo "2540"]
[WhiteFideId "1506102"]
[BlackFideId "5057000"]
[EventDate "2024.05.24"]

1. d4 Nf6 2. c4 e6 3. Nf3 Bb4+ 4. Bd2 Qe7 5. g3 Bxd2+ 6. Qxd2 d5 7. Bg2 O-O 8.
O-O c6 9. Rc1 b6 10. Qf4 Ba6 11. Nbd2 Nbd7 12. e4 dxe4 13. Nxe4 Nxe4 14. Qxe4 c5
15. d5 Nf6 16. Qe3 Rae8 17. Qa3 Bc8 18. Rd1 exd5 19. cxd5 Ne4 20. Re1 Qf6 21. h3
a5 22. Rac1 Bd7 23. Rc2 Nd6 24. Rce2 a4 25. Rxe8 Rxe8 26. Rxe8+ Bxe8 27. Nd2 Qe5
28. Qe3 Qxe3 29. fxe3 Kf8 30. e4 f6 31. Kf2 Ke7 32. Bf1 b5 33. Ke3 Nf7 34. Be2
Kd6 35. a3 Ne5 36. Nb1 Kc7 37. Nd2 Bd7 38. h4 Kd6 39. Nb1 Kc7 40. Nd2 g6 41. Kf4
h6 42. Ke3 Nf7 43. Nf3 Kd6 44. Ne1 Ne5 45. Ng2 b4 46. axb4 cxb4 47. Kd4 a3 48.
bxa3 bxa3 49. Kc3 Kc5 50. Kb3 Kd4 51. Kxa3 Kxe4 52. d6 g5 53. hxg5 hxg5 54. Kb4
Bh3 55. Bf1 Nf7 56. Kc5 Ke5 57. d7 Bxd7 58. Ne3 Nd6 59. Nc4+ Nxc4 60. Bxc4 Be6
61. Ba6 Bd5 62. Bd3 f5 63. Bf1 Bb7 64. Bb5 Bf3 65. Bd3 g4 66. Kc4 f4 67. gxf4+
Kxf4 68. Kd4 g3 69. Bf1 Bb7 70. Bh3 Kf3 71. Ke5 Ke3 72. Bf1 Kf2 73. Kf4 Bc8 0-1

[Event "Norway Chess Open GM 2024"]
[Site "Stavanger NOR"]
[Date "2024.05.26"]
[Round "5.3"]
[White "Skytte, Rasmus"]
[Black "Papp, Gabor1"]
[Result "1/2-1/2"]
[WhiteTitle "IM"]
[BlackTitle "GM"]
[WhiteElo "2358"]
[BlackElo "2553"]
[WhiteFideId "1404210"]
[BlackFideId "718602"]
[EventDate "2024.05.24"]

1. e4 c5 2. c3 d5 3. exd5 Qxd5 4. d4 Nc6 5. Nf3 Bg4 6. Be2 cxd4 7. cxd4 e6 8.
Nc3 Qa5 9. h3 Bxf3 10. Bxf3 Bb4 11. O-O Nge7 12. Bd2 O-O 13. a3 Bxc3 14. bxc3
Rfd8 15. Rb1 Qc7 16. Bg5 Rd7 17. Qa4 Nd5 18. Rfc1 Rc8 19. Be3 f5 20. Bd2 Kf7 21.
Qd1 Nf6 1/2-1/2

[Event "Norway Chess Open GM 2024"]
[Site "Stavanger NOR"]
[Date "2024.05.26"]
[Round "5.4"]
[White "Amar, Elham"]
[Black "Miezis, Normunds"]
[Result "1-0"]
[WhiteTitle "GM"]
[BlackTitle "GM"]
[WhiteElo "2552"]
[BlackElo "2424"]
[WhiteFideId "1533533"]
[BlackFideId "11600136"]
[EventDate "2024.05.24"]

1. e4 c5 2. Nf3 e6 3. d4 cxd4 4. Nxd4 a6 5. Bd3 g6 6. O-O Bg7 7. Be3 Ne7 8. c4
O-O 9. Nc3 d6 10. Qd2 f5 11. f3 f4 12. Bf2 g5 13. Rfd1 Qe8 14. Nb3 Be5 15. c5
dxc5 16. Nxc5 b5 17. a4 b4 18. Ne2 Nec6 19. Bc4 Na5 20. Ba2 Nbc6 21. Nd4 Bxd4
22. Bxd4 Rb8 23. Nb3 Qd8 24. Rac1 Nxd4 25. Qxd4 Qxd4+ 26. Rxd4 Nxb3 27. Bxb3 Kg7
28. Rc7+ Kf6 29. Rxh7 Ke5 30. Rc4 Rd8 31. Rc5+ Kd4 32. Rc1 Ke5 33. h4 Rd3 34.
Bc4 Rd2 35. hxg5 Bd7 36. b3 Rc8 37. g6 Kf6 38. g7 Rg8 39. Bxa6 Kg6 40. Rh4 e5
41. Bb5 Rxg7 42. Bxd7 Rgxd7 43. Rc6+ R7d6 44. Rxd6+ Rxd6 45. Rh8 Rd3 46. Rf8 Kg5
47. Rf5+ Kh4 48. Rxe5 Rxb3 49. Rf5 Rb2 50. Kh2 b3 51. Rxf4+ Kg5 52. Rf5+ 1-0

[Event "Norway Chess Open GM 2024"]
[Site "Stavanger NOR"]
[Date "2024.05.26"]
[Round "5.5"]
[White "Myagmarsuren, Evsuld"]
[Black "Balakrishnan, Praveen"]
[Result "0-1"]
[WhiteTitle "CM"]
[BlackTitle "GM"]
[WhiteElo "2016"]
[BlackElo "2510"]
[WhiteFideId "1551639"]
[BlackFideId "2064871"]
[EventDate "2024.05.24"]

1. e4 c5 2. Nf3 e6 3. d4 cxd4 4. Nxd4 Nc6 5. Nc3 Qc7 6. g3 a6 7. Bg2 Nf6 8. O-O
d6 9. Re1 Nxd4 10. Qxd4 Bd7 11. Bg5 Ng4 12. h3 h6 13. hxg4 hxg5 14. Rad1 Rc8 15.
Bf3 Qc5 16. Qd2 Be7 17. Kg2 Qb4 18. Rh1 Rxh1 19. Rxh1 Bc6 20. Qc1 Bf6 21. a3 Qc4
22. Qd2 Ke7 23. Rd1 Bxc3 24. bxc3 Bxe4 25. Qxd6+ Kf6 26. Rd2 Bxf3+ 27. Kxf3
Qxc3+ 28. Kg2 Qc6+ 29. Qxc6 Rxc6 30. Rd7 Rxc2 31. Rxb7 Rc3 32. Rb6 Rxa3 33. Rc6
g6 34. Kh3 Ra4 35. Rb6 Ke5 36. Rb7 f5 37. gxf5 gxf5 38. Kg2 Rd4 39. Rb6 a5 40.
Ra6 a4 41. Ra5+ Ke4 42. g4 fxg4 43. Kg3 Kd3 44. Rxg5 Kc3 45. Re5 a3 46. Rxe6 a2
47. Ra6 Kb3 48. f4 Ra4 0-1

[Event "Norway Chess Open GM 2024"]
[Site "Stavanger NOR"]
[Date "2024.05.26"]
[Round "5.6"]
[White "Shehzad, Shazil"]
[Black "Druska, Juraj"]
[Result "0-1"]
[WhiteTitle "FM"]
[BlackTitle "IM"]
[WhiteElo "2314"]
[BlackElo "2466"]
[WhiteFideId "1521942"]
[BlackFideId "14915650"]
[EventDate "2024.05.24"]

1. d4 Nf6 2. Bf4 d5 3. Nf3 c5 4. e3 Nc6 5. Nbd2 Nh5 6. dxc5 Nxf4 7. exf4 a5 8.
a4 g6 9. Bb5 Bg7 10. c3 O-O 11. Nb3 Qc7 12. g3 Rd8 13. O-O Bg4 14. Be2 b6 15.
Re1 bxc5 16. Nxc5 d4 17. cxd4 Nxd4 18. Nxd4 Bxd4 19. Nd3 Bxb2 20. Rb1 Bxe2 21.
Qxe2 Bf6 22. Rec1 Qd7 23. Nc5 Qd5 24. Qe4 Qa2 25. Nd7 Rac8 26. Nxf6+ exf6 27.
Rxc8 Rxc8 28. Rd1 Kg7 29. f5 Rc2 30. Rf1 Rc4 31. Qf3 Qxa4 32. fxg6 hxg6 33. h4
Qb5 34. Ra1 a4 35. Qa3 Qc6 36. Qa2 Rc1+ 37. Rxc1 Qxc1+ 38. Kg2 a3 39. h5 gxh5
40. Qd5 Qg5 41. Qa2 Qa5 42. Kg1 Qb4 43. Kg2 Qb7+ 44. Kh2 Qb2 45. Qd5 Qxf2+ 46.
Kh3 Qe2 0-1

[Event "Norway Chess Open GM 2024"]
[Site "Stavanger NOR"]
[Date "2024.05.26"]
[Round "5.7"]
[White "Kvaloy, Aksel Bu"]
[Black "Eliseev, Sergey"]
[Result "1-0"]
[WhiteTitle "IM"]
[WhiteElo "2454"]
[BlackElo "2292"]
[WhiteFideId "1528815"]
[BlackFideId "1534734"]
[EventDate "2024.05.24"]

1. d4 d5 2. Nf3 Nf6 3. Bf4 c5 4. e3 cxd4 5. exd4 Nc6 6. c3 Bf5 7. Nbd2 e6 8. Qb3
Bd6 9. Bxd6 Qxd6 10. Be2 O-O 11. O-O Rab8 12. a4 a6 13. a5 Qc7 14. Qa3 b6 15.
axb6 Rxb6 16. b4 e5 17. dxe5 Ng4 18. b5 Ncxe5 19. bxa6 Nxf3+ 20. Nxf3 Be4 21. g3
Ra8 22. Nd2 Nxh2 23. Rfe1 Qc8 24. Qe7 Qf5 25. a7 g5 26. Ra5 Re6 27. Qb7 Qh3 28.
Qxa8+ Kg7 29. Nxe4 Rxe4 30. Raa1 Rxe2 31. Qxd5 Rxe1+ 32. Rxe1 1-0

[Event "Norway Chess Open GM 2024"]
[Site "Stavanger NOR"]
[Date "2024.05.26"]
[Round "5.8"]
[White "Blomqvist, Erik"]
[Black "Papp, Sarah"]
[Result "1-0"]
[WhiteTitle "GM"]
[BlackTitle "IM"]
[WhiteElo "2527"]
[BlackElo "2296"]
[WhiteFideId "1709437"]
[BlackFideId "24606812"]
[EventDate "2024.05.24"]

1. e4 e6 2. d4 d5 3. e5 c5 4. c3 Nc6 5. Nf3 Bd7 6. Be2 Nge7 7. Na3 cxd4 8. cxd4
Qa5+ 9. Bd2 Qb6 10. Bc3 Ng6 11. g3 Be7 12. h4 O-O 13. h5 Nh8 14. h6 g6 15. Nc2
f6 16. exf6 Bxf6 17. Ne3 Nf7 18. Ng4 Bh8 19. O-O Rad8 20. a4 a5 21. Bb5 e5 22.
Ngxe5 Nfxe5 23. Nxe5 Bxe5 24. dxe5 Bh3 25. e6 d4 26. Bxa5 Qxa5 27. Bxc6 bxc6 28.
e7 Qd5 29. f3 Bxf1 30. Qxf1 d3 31. Kg2 Rde8 32. exf8=Q+ Kxf8 33. Re1 Rxe1 34.
Qxe1 d2 35. Qd1 c5 36. a5 Qd4 37. a6 Qxb2 38. a7 Qa2 39. a8=Q+ Qxa8 40. Qxd2 Qc6
41. Qc3 c4 1-0

[Event "Norway Chess Open GM 2024"]
[Site "Stavanger NOR"]
[Date "2024.05.26"]
[Round "5.9"]
[White "Johansson, Linus"]
[Black "Tomaszewski, Kacper"]
[Result "1/2-1/2"]
[WhiteTitle "IM"]
[BlackTitle "FM"]
[WhiteElo "2448"]
[BlackElo "2300"]
[WhiteFideId "1711113"]
[BlackFideId "1127373"]
[EventDate "2024.05.24"]

1. d4 d5 2. c4 c6 3. Nc3 e5 4. cxd5 cxd5 5. dxe5 d4 6. Ne4 Qa5+ 7. Nd2 h5 8. Nf3
Nc6 9. g3 h4 10. gxh4 Nh6 11. Bg2 Nf5 12. Kf1 Be7 13. Nb3 Qb6 14. Bf4 Bxh4 15.
Rc1 Be6 16. Nc5 Bd5 17. Qd3 g6 18. Nxh4 Rxh4 19. Bg3 Nxg3+ 20. Qxg3 Bxg2+ 21.
Kxg2 Rh5 22. Nd3 Qd8 23. Qf3 Rf5 24. Qe4 Qg5+ 25. Kf1 Rxe5 26. Rc5 Rxe4 27. Rxg5
Rh4 28. Rd5 Rc8 29. Kg2 Re4 30. Kf3 Rh4 31. Kg3 Re4 32. Kf3 Rh4 33. Rc5 Ke7 34.
Kg3 Re4 35. Rc2 f5 36. h4 Rg4+ 37. Kf3 Ne5+ 38. Nxe5 Rxc2 39. Nxg4 fxg4+ 40.
Kxg4 Rxe2 41. Rd1 Rxf2 42. b3 Rg2+ 43. Kf4 Rxa2 44. Rxd4 Ra5 45. Kg4 Rb5 46. b4
Kf6 47. Kf4 Kg7 48. Kg4 Kh6 49. Rc4 Rd5 50. Re4 Rd1 51. b5 Rg1+ 52. Kh3 Rb1 53.
Re5 Rb4 54. Kg3 b6 55. Re7 Ra4 56. Rd7 g5 57. hxg5+ Kxg5 58. Rd5+ Kf6 59. Kf3
Ke6 60. Rh5 Rd4 61. Ke3 Rd5 62. Rh7 Kd6 63. Rxa7 Kc5 64. Ra1 Kxb5 65. Ke4 Kc6
66. Rc1+ Rc5 67. Rb1 Rc4+ 68. Kd3 b5 69. Rb3 Kc5 70. Rc3 Kb4 71. Rxc4+ bxc4+ 72.
Kc2 c3 73. Kc1 Kb3 74. Kb1 c2+ 75. Kc1 Kc3 1/2-1/2

[Event "Norway Chess Open GM 2024"]
[Site "Stavanger NOR"]
[Date "2024.05.26"]
[Round "5.10"]
[White "Pourkashiyan, Atousa"]
[Black "Zylka, Stanislaw"]
[Result "1/2-1/2"]
[WhiteTitle "WGM"]
[BlackTitle "IM"]
[WhiteElo "2272"]
[BlackElo "2396"]
[WhiteFideId "12502014"]
[BlackFideId "1189654"]
[EventDate "2024.05.24"]

1. e4 e5 2. Nf3 Nc6 3. Bb5 a6 4. Ba4 Bc5 5. O-O Nge7 6. Nxe5 Nxe5 7. d4 b5 8.
Bb3 Bxd4 9. Qxd4 d6 10. f4 c5 11. Qc3 N5g6 12. Qxg7 c4 13. f5 Rg8 14. Qxh7 Rh8
15. Qg7 Rg8 16. Qh7 Rh8 17. Qg7 Rg8 18. Qh7 1/2-1/2

[Event "Norway Chess Open GM 2024"]
[Site "Stavanger NOR"]
[Date "2024.05.26"]
[Round "5.11"]
[White "Ostensen, Nicolai Maxime"]
[Black "Lovik, Lasse Ostebo"]
[Result "0-1"]
[WhiteTitle "FM"]
[BlackTitle "IM"]
[WhiteElo "2234"]
[BlackElo "2367"]
[WhiteFideId "1546970"]
[BlackFideId "1505033"]
[EventDate "2024.05.24"]

1. c4 e5 2. Nc3 Nc6 3. Nf3 f5 4. d4 e4 5. Nd2 Nf6 6. e3 Be7 7. Be2 O-O 8. O-O d6
9. a3 a5 10. Rb1 Qe8 11. b4 axb4 12. axb4 Qg6 13. Nd5 Bd8 14. Nf4 Qh6 15. d5 Ne5
16. Bb2 Nfg4 17. h3 g5 18. Nh5 Qxh5 19. Bxe5 dxe5 20. hxg4 Qh4 21. gxf5 Bxf5 22.
g4 Ra6 23. Kg2 Bxg4 24. Bxg4 Rh6 25. Be6+ Kh8 0-1

[Event "Norway Chess Open GM 2024"]
[Site "Stavanger NOR"]
[Date "2024.05.26"]
[Round "5.12"]
[White "Uritsky, Yonathan"]
[Black "Savitha, Shri B"]
[Result "1/2-1/2"]
[WhiteTitle "CM"]
[BlackTitle "WGM"]
[WhiteElo "2185"]
[BlackElo "2363"]
[WhiteFideId "2825651"]
[BlackFideId "35061887"]
[EventDate "2024.05.24"]

1. Nf3 Nf6 2. g3 c5 3. Bg2 Nc6 4. c4 e5 5. Nc3 d6 6. d3 Be7 7. O-O O-O 8. a3 h6
9. Rb1 a5 10. Ne1 Be6 11. Nd5 Bxd5 12. cxd5 Nd4 13. e3 Nb5 14. Nc2 Qd7 15. f4
exf4 16. gxf4 Qg4 17. a4 Qxd1 18. Rxd1 Nc7 19. e4 b5 20. Ne3 Rfb8 21. e5 Nfe8
22. Bd2 Ra6 23. Ra1 Bd8 24. Bc3 b4 25. Be1 Na8 26. b3 Nb6 27. Rac1 g6 28. Bh3
dxe5 29. Bg3 exf4 30. Bxf4 Rba8 31. Rxc5 f5 32. Rc6 Nd7 33. Rdc1 Kf7 34. Nc4 Bf6
35. Be3 Bc3 36. Bg2 Ne5 37. Rxc3 Nxc6 38. Rc1 Nd8 39. d6 Rb8 40. Bd5+ Kf6 41.
Bd4+ Kg5 42. Be5 Nc6 43. d7 Nxe5 44. Nxe5 Nf6 45. Bb7 Nxd7 46. Nf3+ Kg4 47. Rc4+
f4 48. Be4 Re8 49. Kg2 g5 50. Nd4 Ne5 51. h3+ Kh5 52. Nf5 Nxc4 53. Ng7+ Kh4 54.
Nf5+ 1/2-1/2